[Event "CHI-chT"]
[Site "Santiago de Chile"]
[Date "2012.11.30"]
[Round "3"]
[White "Toro Sanzana, Sergio"]
[Black "Pinto Krause, Kurth Brian"]
[Result "1-0"]
[WhiteElo "2032"]
[BlackElo "1961"]
[PlyCount "122"]
[EventDate "2012.11.22"]
[EventType "team-tourn"]
[EventRounds "9"]
[EventCountry "CHI"]
[SourceTitle "EXT 2014"]
[Source "ChessBase"]
[SourceDate "2013.11.20"]
[SourceVersion "1"]
[SourceVersionDate "2013.11.20"]
[SourceQuality "1"]

1. e4 c5 2. Nc3 d6 3. Nf3 Nc6 4. d4 cxd4 5. Nxd4 a6 6. Be3 e6 7. Qd2 Be7 8. Be2 Nf6 9. 0-0 Qc7 10. a4 Ne5 11. Qd1 Bd7 12. Kh1 Rc8 13. f4 Nc4 14. Bc1 h5 15. b3 Ne3 16. Bxe3 Qxc3 17. Qd3 Ng4 18. Qxc3 Rxc3 19. Bd2 Rc8 20. c3 Nf6 21. Bf3 e5 22. fxe5 dxe5 23. Nf5 Bxf5 24. exf5 e4 25. Be2 0-0 26. c4 Rfd8 27. Ba5 Rd7 28. Rad1 Bc5 29. Rxd7 Nxd7 30. Bxh5 Nf6 31. Be2 Be3 32. Rd1 Bc5 33. Bc3 Be3 34. g4 b5 35. axb5 axb5 36. Bxf6 gxf6 37. cxb5 Rc1 38. Rxc1 Bxc1 39. b6 Bf4 40. Kg2 Kf8 41. h4 Ke7 42. Bc4 Kd7 43. Bxf7 Kc6 44. b7 Kc7 45. Bd5 e3 46. Kf3 Bh6 47. b4 Kb8 48. b5 Kc7 49. Bc6 Kb8 50. b6 Bf4 51. Bb5 Bh6 52. Ba6 e2 53. Kxe2 Be3 54. Kd3 Bf2 55. g5 fxg5 56. hxg5 Bd4 57. Ke4 Bf6 58. g6 Bg7 59. Kd5 Bf6 60. Ke6 Bg7 61. Kf7 Bf6 1-0